00511nam a22001697a 450000500170000001000150001702000260003203500130005803700130007108200140008410000180009824500640011625000110018026000500019127000730024130000270031420230428111151.0 aENG-112865 c295.00a9789350350997 aEN-96397 bDBAD/PUB a342.54085 aRama Jois, M. aRaja dharma with lessons on raja neeti / cby M. Rama Jois  a2nd ed a DelhibUniversal Law Publishingc2012(repr.) aC-FF-1A, Dilkhush Industrial Estate G.T. Karnal Road,bDelhie110033 axxviii,163p.c25cm(Hb)